000 00450nam a22001937a 4500
003 LK-CoDNM
005 20250115124159.0
008 250115b |||||||| |||| 00| 0 eng d
040 _aLK-CoDNM
_dLK-CoDNM
_eLK-CoDNM
041 _aeng
080 _a9
_bCC23
100 _aE.J. Wayland & A.M. Davies
245 _aThe Miocene of Ceylon
260 _c1923
300 _b24p. : ill ; 24 cm
650 _aScience
650 _a1923
942 _cBK
999 _c236316
_d236316